| 000 | 00954nam a22002177a 4500 | ||
|---|---|---|---|
| 001 | 2162214035923836 | ||
| 003 | UA-OsUOA | ||
| 005 | 20230703142825.0 | ||
| 008 | 230629b un ||||| |||| 00| 0 ukr d | ||
| 040 |
_aUA-OsUOA _bukr _cUA-OsUOA _dUA-OsUOA |
||
| 041 | _aukr | ||
| 080 | _a82-5 | ||
| 082 | _2 | ||
| 090 |
_a82-5 _bС48 |
||
| 111 |
_aВідкриття XVI Собору Української Греко-Православної Церкви в Канаді _d04.07.1980 |
||
| 245 | _aСлово блаженнішого митрополита Андрея на Відкритті XVI Собору Української Греко-Православної Церкви в Канаді 3-го липня 1980 року | ||
| 300 | _a13 с. | ||
| 650 |
_2UDC _a82-5 Промови |
||
| 942 |
_2udc _cBR |
||
| 999 |
_c574508 _d574508 |
||